1421 1869 1671 1471 1344 1699 1057 1417 1571 1635 1682 1476 1713 1640 1994 1974 1680 1362 1468 1582 1226 1582 1689 1023 1083 1312 1173 1001 1298 1688 1921 1705 1504 1952 1900 1783 1814 1409 1364 1763 1090 1213 1864 1150 1856 1453 1500 1377 1225 1976 1862 1251 1123 1177 1092 1936 1016 1447 1364 1042 1437 1997 1654 1941 1701 1004 1674 1237 1917 1285 1355 1191 1370 1252 1236 1955 1790 1610 1323 1324 1467 1586 1585 1939 1237 1510 1444 1965 1339 1549 1510 1249 1453 1745 1410 1800 1397 1017 1208 BCNSPRNW ULIB Ver.6.0+V

เปลี่ยนเป็นภาษาไทย

Change to English
 แสดงรายละเอียดบรรณานุกรม
  กลับหน้าหลัก

Brief Record : Get Marc (ISO 2709) : E-mail record : QR code < ปิดหน้าต่าง
LEADER : 00000nam 2200000uu 4500
001    13399124871
003     ULIB
008    160421s2558||||th 000 0 tha d
020    ^a9786163825131
060  4 ^aWS120^bส814ค
100    ^aสุนทรี รัตนชูเอก
245    ^aคู่มือการดูแลผู้ป่วยเด็กทางโภชนาการ^b= Pediatric Nutrition Handbook./^cสุนทรี รัตนชูเอก
246 0  Pediatric Nutrition Handbook.
250    ^aพิมพ์ครั้งที่ 4
260    ^aเชียงใหม่ :^bกลุ่มงานกุมารเวชศาสตร์ สถาบันสุขภาพเด็กแห่งชาติมหาราชินี,^c2558
300    ^a259 หน้า;^b21 ซม.
505 0  ^tสารอาหาร(Nutrients) ...^tเกณฑ์อ้างอิงการบริโภคอาหาร (Dietary reference intakes) ...^tความต้องการสารอาหาร (Nutrient requirement) ...^tข้อแนะนำในการบริโภคอาหาร (Feeding recommendations) ...^tการประเมินทางโภชนาการ (Nutrional assesment) ...^tภาวะทุโภชนาการในผู้ป่วยเด็ก (Malnutrition in pediatric patients) ...^tโภชนบำบัดในผู้ป่วยเด็ก (Nutritional support in pediatric patients) ...^tการให้อาหารในระบบทางเดินอาหาร (Enteral nutrition) ...^tการให้สารอาหารทางหลอดเลือดดำ (Parenteral nutrition
650    ^aกุมารเวชศาสตร์
650    ^aโภชนาการเด็ก
650  0 ^aเด็ก^zไทย^xโภชนาการ
945    ^p300^l0^i23412
945    ^p300^l0^i23413
945    ^p300^l0^i23414
945    ^p300^l0^i23415
945    ^p300^l0^i23416
999    ^aทศพร เกษรทอง
รายการนี้ยังไม่มีแท็ก
คุณยังไม่ได้ล็อกอิน คุณสามารถมีกิจกรรมร่วมกับเว็บไซต์ได้ แต่ต้องล็อกอินก่อน ::
  ล็อกอิน

รายการสื่อสารสนเทศ

ลำดับที่ ประเภท เลขเรียก/บาร์โค้ด สถานที่ สถานะ
1. วิทยาศาสตร์การแพทย์ และสุขภาพ
วิทยาศาสตร์การแพทย์ และสุขภาพ
สถานะ=หนังสือเก่า
WS120 ส814ค ฉ.1 
  Barcode: 23412
ห้องสมุดวิทยาเขตนครสวรรค์
►ส่วนจัดเก็บหนังสือเก่า นว.
บนชั้น
  ขอยืม
2. วิทยาศาสตร์การแพทย์ และสุขภาพ
วิทยาศาสตร์การแพทย์ และสุขภาพ
สถานะ=หนังสือเก่า
WS120 ส814ค ฉ.2 
  Barcode: 23413
ห้องสมุดวิทยาเขตนครสวรรค์
►ส่วนจัดเก็บหนังสือเก่า นว.
บนชั้น
  ขอยืม
3. วิทยาศาสตร์การแพทย์ และสุขภาพ
วิทยาศาสตร์การแพทย์ และสุขภาพ
สถานะ=หนังสือเก่า
WS120 ส814ค ฉ.3 
  Barcode: 23414
ห้องสมุดวิทยาเขตนครสวรรค์
►ส่วนจัดเก็บหนังสือเก่า นว.
บนชั้น
  ขอยืม
4. วิทยาศาสตร์การแพทย์ และสุขภาพ
วิทยาศาสตร์การแพทย์ และสุขภาพ
สถานะ=หนังสือเก่า
WS120 ส814ค ฉ.4 
  Barcode: 23415
ห้องสมุดวิทยาเขตนครสวรรค์
►ส่วนจัดเก็บหนังสือเก่า นว.
บนชั้น
  ขอยืม
5. วิทยาศาสตร์การแพทย์ และสุขภาพ
วิทยาศาสตร์การแพทย์ และสุขภาพ
สถานะ=หนังสือเก่า
WS120 ส814ค ฉ.5 
  Barcode: 23416
ห้องสมุดวิทยาเขตนครสวรรค์
►ส่วนจัดเก็บหนังสือเก่า นว.
บนชั้น
  ขอยืม

รายการใกล้เคียง
    ผู้แต่ง [สุนทรี รัตนชูเอก]

    หัวเรื่อง [กุมารเวชศาสตร์]
    หัวเรื่อง [โภชนาการเด็ก]

BibComment


ยังไม่เคยถูกคอมเมนท์

คอมเมนท์ทรัพยากรรายการนี้
  คอมเมนท์: คู่มือการดูแลผู้..


 Copyright 2026. Bcnsprnw @Library